Delightful desserts (Record no. 177286)

MARC details
000 -LEADER
fixed length control field 00287nam a2200097Ia 4500
082 ## - DEWEY DECIMAL CLASSIFICATION NUMBER
Classification number 641.860968 VAND
008 - FIXED-LENGTH DATA ELEMENTS--GENERAL INFORMATION
fixed length control field 210817s9999 xx 000 0 und d
100 ## - MAIN ENTRY--PERSONAL NAME
Personal name Van der Westhuizen, Marlene Johannesburg, South Africa, 2011
9 (RLIN) 56637
245 #0 - TITLE STATEMENT
Title Delightful desserts
942 ## - ADDED ENTRY ELEMENTS
item type Books
Holdings
Withdrawn status Lost status Damaged status Not for loan Home library Current library Date acquired Cost, normal purchase price Total Checkouts Barcode Date last seen Price effective from item type
        Trichardt Trichardt 18.08.2021 210.00   3228200009634 18.08.2021 18.08.2021 Books